000 00593nam a2200205Ia 4500
005 20250923144346.0
008 008 250917s9999 xx 000 0 eng d
037 _aTextual
040 _aDSWL
_beng
_cDSWL
041 _aeng
_2eng
084 _aY72:3:12:262:N4, H9
_qDSWL
100 _aCulshaw, W.J.
_9824069
245 0 _aTribal heritage: Study of the Santals
_cby W.J. Culshaw
260 _aLondon
_bButterworth
_c1949
300 _a211 p.
365 _aINR
_b21
925 _g21
942 _cTEXL
_hY72:3:12:262:N4, H9
999 _c1437874
_d1437874